000 00397pab a2200145 454500
008 180718b1989 xxu||||| |||| 00| 0 eng d
100 _aDeshpande, R.S.
245 _aEnvironmental impact of large storage based irrigation projects
260 _c1989
300 _aS-69-S-80
362 _aDec.
650 _aIrrigation
773 _aBulletin : Madras Development Seminar Series
909 _a11359
999 _c11359
_d11359